000 00546nam a22002177a 4500
003 OSt
005 20140310181932.0
008 130723t xxu||||| |||| 00| 0 eng d
020 _a1853262560
050 _aPR 6005.O4
_b.C754 1995
082 _aCLA C76v
_b1995
100 _aCondrad, Joseph
_92868
245 _aVictory /
_cJoseph Condrad
260 _aHertfordshire :
_bWordsworth classics,
_cc1995.
300 _a283 p.
_c20 cm.
521 _a
541 _j1
562 _e1
650 _aFiction
_9746
942 _2lcc
_cBBK
_kCLA
999 _c7407
_d7407